| 000 | 00414nam a2200145Ia 4500 | ||
|---|---|---|---|
| 008 | 151015s9999 xx 000 0 und d | ||
| 020 | _a13187067 | ||
| 050 | _aHF5549.G64 2006 | ||
| 245 | _aGomez-Mejia Luis R. | ||
| 250 | _a_Managing Human Resources | ||
| 300 | _aNew Jersey Pearson Education 2006 | ||
| 500 | _aIncludes Index | ||
| 650 | _a_Human Resource Management | ||
| 700 | _a^d20111110 10:58:51^okorir | ||
| 999 |
_c1121 _d1121 |
||